Statistiche per Logo - Quiz

Clicka qui per fare il quiz!

Statistiche generali

  • Questo quiz è stato fatto 621 volte
  • Il punteggio medio è 32 su 40

Statistiche sulle risposte

Risposta% Corretto
Nike
99%
Apple
98%
Netflix
98%
Adidas
96%
Ferrari
96%
Twitter
96%
Facebook
95%
Google Chrome
95%
Instagram
95%
Gucci
94%
McDonald's
94%
Pepsi
94%
Wikipedia
94%
Fila
93%
Amazon
92%
Spotify
92%
KFC
90%
Starbucks
90%
Tim
90%
Mastercard
89%
Microsoft
86%
Pinterest
86%
Toyota
86%
Opel
83%
Citroën
80%
Rolex
80%
Tesla
80%
Louis Vuitton
79%
Carrefour
77%
Volkswagen
74%
New Balance
73%
Warner Bros
73%
Nespresso
72%
Fendi
70%
Swarovski
60%
Asics
54%
Airbnb
47%
Lufthansa
44%
Monster Energy
44%
Roncato
16%

Distribuzione punteggi

Percentile per numero di risposta

Percentuale di utenti per punteggio

I tuoi punteggi nel tempo

Non hai fatto questo quiz